University Home | Library Home | Institutional Repository

A History Of Japan 1334-1615/ (Record no. 116350)

MARC details
000 -LEADER
fixed length control field 00437cam a2200145 4500
008 - FIXED-LENGTH DATA ELEMENTS--GENERAL INFORMATION
fixed length control field 110908n 000 0 eng u
035 ## - SYSTEM CONTROL NUMBER
System control number (Sirsi) a174303
050 ## - LIBRARY OF CONGRESS CALL NUMBER
Classification number DS 835 SAN 1963
100 ## - MAIN ENTRY--PERSONAL NAME
Personal name Sansom, George
245 ## - TITLE STATEMENT
Title A History Of Japan 1334-1615/
Statement of responsibility, etc. George Sansom
260 ## - PUBLICATION, DISTRIBUTION, ETC.
Place of publication, distribution, etc. Tokyo:
Name of publisher, distributor, etc. Charles E.Tuttle Company,
Date of publication, distribution, etc. 1963
300 ## - PHYSICAL DESCRIPTION
Extent 442p.
504 ## - BIBLIOGRAPHY, ETC. NOTE
Bibliography, etc. note Includes bibliographical references and index
650 ## - SUBJECT ADDED ENTRY--TOPICAL TERM
Topical term or geographic name entry element History -Japan

No items available.

© 2026 - The University of Zambia Library - Koha v25.11